Jaka to postać? - Brawl Stars #4 - Statystyki

Ogólne statystyki
  • Ten quiz został rozwiązany 407 razy
  • Średni wynik to 11 z 33
Statystyki odpowiedzi
Supermoc Postać % Poprawnych
Deszcz Rakiet Brock
96%
Bagażowi! do ataku! Pan P
75%
Niedźwiedzia przysługa Nita
64%
Żelazny ul Bea
57%
Burza piaskowa Sandy
53%
Kolczaste pole Spike
51%
Buldożer Bull
47%
Buziak od mamy Pam
46%
Żujka Bibi
43%
Beczka Strachu Darryl
41%
Spadający łokieć El Primo
40%
Wybuchowa dama Piper
39%
Magiczna Dłoń Gene
38%
Oszałamiające uderzenie Frank
34%
Główka Tick
33%
Wybuchowa Beczka Dynamike
32%
Bis! Poco
32%
Złomek! Jessie
31%
Życiodajna krew Mortis
28%
Wzmacniacz obrażeń 8-bit
27%
Grad kul Colt
27%
Bomba dymna Leon
27%
Szalony obrót Carl
21%
Nalot Kruk
18%
Pułapka Bo
17%
Żrąca charyzma Emz
16%
Superpocisk Shelly
15%
Mocny materiał Rosa
13%
Grawitacja Tara
10%
Daleki strzał Penny
6%
Sprytny strzał Rico
6%
Do dzieła! Max
5%
Ostatnia szansa Barley
3%
Nie znaleziono quizów pasujących do podanych kryteriów
Rozkład punktacji
Procent ludzi z każdym wynikiem
Percentyl według liczby udzielonych odpowiedzi
Twoja historia wyników
Nie rozwiązałeś tego quizu